• 首页
  • 本馆介绍
  • 公告通知
  • 最新文献
  • 馆藏检索
  • 电子资源
  • 读者导购
  • 参考咨询
  • 我的图书馆
  • 登录
  • 详细信息显示
  • 放入我的书架
  • 预约/预借图书
  • 作者相关作品
  • 分类相关作品
  • 丛书相关作品
  • 出版社相关作品

书目信息

  • 表格格式
  • 工作单格式
  • 卡片格式
题名:
国际经济学
    
 
作者: 王怀民 主编
分册:  
出版信息: 北京   对外经济贸易大学出版社  2014
页数: 359页
开本: 26cm
丛书名:
单 册:
中图分类: F11-0
科图分类:
主题词: 国际经济学--教材 , 国际经济学
电子资源:
ISBN: 978-7-5663-0937-2
000 00902nam0 2200253 450
001 523
005 20140908151259.89
010    @a978-7-5663-0937-2@dCNY42.00
100    @a20140704d2014 em y0chiy50 ea
101 0  @achi
102    @aCN@b110000
105    @ay z 000yy
106    @ar
200 1  @a国际经济学@AGuo Ji Jing Ji Xue@f王怀民主编@FWang Huai Min Zhu Bian
210    @a北京@c对外经济贸易大学出版社@d2014
215    @a359页@d26cm
300    @a国际商务学科精品建设教材
330    @a本书介绍了古典国际贸易理论、国际贸易的标准理论、新古典贸易理论、现代国际贸易理论、经济增长与国际贸易、贸易保护理论、非关税贸易壁垒、生产要素的国际转移、汇率与汇率制度、国际收支与国际收支平衡表等内容。
606 0  @a国际经济学@j教材
606 0  @a国际经济学
690    @aF11-0@v5
701  0 @a王怀民@AWang Huai Min@f(1965~)@4主编
801  0 @aCN@bTANGWEI@c20140603
905    @b0842228-30@dF11-0@e157@f3
    
    国际经济学/王怀民主编.-北京:对外经济贸易大学出版社,2014
    359页;26cm
    国际商务学科精品建设教材
    
    ISBN 978-7-5663-0937-2:CNY42.00
    本书介绍了古典国际贸易理论、国际贸易的标准理论、新古典贸易理论、现代国际贸易理论、经济增长与国际贸易、贸易保护理论、非关税贸易壁垒、生产要素的国际转移、汇率与汇率制度、国际收支与国际收支平衡表等内容。
●
相关链接 在E读中查询图书 在五车中查询图书 在当当中查询图书 在豆瓣中查询图书


正题名:国际经济学     索取号:F11-0/157         预约/预借

序号 登录号 条形码 馆藏地/架位号 状态 备注
1 0842228   208422287   第一样本阅览室/ [索取号:F11-0/157] 在馆    
2 0842229   208422296   第一借阅区/ [索取号:F11-0/157] 在馆    
3 0842230   208422303   密集书库-海洋学院/ [索取号:F11-0/157] 在馆    
唐山师范学院图书馆 欢迎您!
大连网信软件有限公司© 版权所有